| 000 | 01347nam a2200361 i 4500 | ||
|---|---|---|---|
| 003 | OSt | ||
| 005 | 20210412113126.0 | ||
| 007 | ta | ||
| 008 | 201203s2020 sp a|||cr|||| 00| 1dspa d | ||
| 020 | _a9789588962764 | ||
| 040 |
_aCO-BoRNBP _bspa _erda _cCO-BoRNBP |
||
| 041 | 0 | _aspa | |
| 084 | _aLM IRI6 | ||
| 100 | 1 |
_aIriarte Martínez, Fernando _d1951- _eautor _9162714 |
|
| 245 | 1 | 3 |
_aEl tesoro de Tisquesusa _bFernando Iriarte Martínez ; ilustraciones María Solías |
| 250 | _aEdición especial | ||
| 264 | 1 |
_aBogotá _bEditorial Tiempo de Leer _c2020 |
|
| 300 |
_a80 páginas _bilustraciones _c21 cm |
||
| 336 |
_2rdacontent _atexto _btxt |
||
| 337 |
_2rdamedia _asin mediación _bn |
||
| 338 |
_2rdacarrier _avolumen _bnc |
||
| 490 | 0 | _aPlan Nacional de Lectura y Escritura Leer es mi Cuento / Ministerio de Cultura | |
| 521 | _aRecomendado para un público mayor de 12 años | ||
| 545 | _aIncluye datos biográficos del autor al final del texto | ||
| 650 | 1 | 7 |
_2LEMB _aLeyendas indígenas colombianas _921961 |
| 650 | 1 | 7 |
_2LEMB _aLiteratura indígena colombiana _92248 |
| 650 | 1 | 7 |
_2LEMB _aAutores colombianos _9162715 |
| 650 | 1 | 7 |
_2LEMB _aMitología indígena _99112 |
| 650 | 1 | 7 |
_2LEMB _aMuiscas _vLeyendas _9162716 |
| 650 | 1 | 7 |
_2LEMB _aOro _vLeyendas _9162717 |
| 700 | 1 |
_aSolías, María _eilustradora _9162718 |
|
| 942 |
_2ddc _cBKLIT |
||
| 999 |
_c13223 _d13223 |
||